Statistics for European Countries With 6 Letters In Their Name

Click here to take the quiz!

General Stats

  • This quiz has been taken 67 times
    (26 since last reset)
  • The average score is 8 of 10

Answer Stats

Answer% Correct
Sweden
100%
Poland
95%
Norway
95%
France
90%
Serbia
90%
Latvia
81%
Monaco
76%
Russia
76%
Greece
71%
Kosovo
62%

Score Distribution

Percentile by Number Answered

Percent of People with Each Score

Your Score History

You have not taken this quiz since the last reset